Geography Chain #4 - Statistics

General Stats
  • This quiz has been taken 48 times
  • The average score is 11 of 20
Answer Stats
Hint Answer % Correct
Continent on which ^ is located Asia
100%
"The tear of India" Sri Lanka
97%
South American country with a higher GDP than ^ Brazil
85%
The flag of ^ consists mostly of this color Green
85%
Country in ^ with the largest oil reserves Saudi Arabia
72%
^ was allied with Japan and ... during World War II Germany
64%
Neighboring country in the northeast of ^ Poland
64%
Largest neighboring country of ^ in terms of area Russia
59%
Largest island in ^ Sicily
59%
Which country does ^ belong to? Italy
56%
^ has the shortest border (17 km) with ... North Korea
54%
Country that had a single-color ^ flag until 2011 Libya
51%
Number of seas bordering ^ 0
44%
Body of water near ^ Mediterranean Sea
44%
Largest European country by area with ^ neighboring countries Iceland
31%
Country in which the same compass direction as in ^ occurs North Macedonia
31%
Capital of ^ Dublin
28%
If you swap one letter in ^, which country do you get? Ireland
28%
Alphabetically first official language in ^ English
26%
Largest country by area with ^ as the official language Canada
23%
No matching quizzes found
Score Distribution
Percent of People with Each Score
Percentile by Number Answered
Your Score History
You have not taken this quiz